000 00572nam a2200217Ia 4500
005 20250508152348.0
008 008 250505s9999 xx 000 0 eng d
037 _aBooks to be hide in OPAC
040 _aFEDL
_beng
_cFEDL
041 _aeng
_2eng
084 _a371.2, SIN/O
_qFEDL
100 _aSingh M P
245 0 _aSchool organistation
250 _a2
260 _aAmritsar, India
_bCity Book Depot
_c1958
300 _a266p
365 _aINR
_b8
650 _aSchool Administration
942 _cHB
_h371.2, SIN/O
999 _c1335921
_d1335921